|
|
|
|
| LEADER |
00000cam a2200000 7i4500 |
| 001 |
0000002494 |
| 005 |
20240925.0 |
| 008 |
991130 my eng |
| 020 |
|
|
|a 9679762165
|
| 040 |
|
|
|a INS
|b eng
|e rda
|
| 090 |
0 |
0 |
|a HJ2935
|b .Y55 1989
|
| 100 |
1 |
|
|a Yong, Poh Chye ,
|e author
|
| 245 |
1 |
0 |
|a Tax update 1989
|c Yong Poh Chye
|
| 264 |
|
1 |
|a Petaling Jaya :
|b Longman
|c 1989
|
| 300 |
|
|
|a vi, 113 pages ;
|c 23 cm.
|
| 336 |
|
|
|a text
|2 rdacontent
|
| 337 |
|
|
|a unmediated
|2 rdamedia
|
| 338 |
|
|
|a volume
|2 rdacarrier
|
| 440 |
|
|
|a Malaysian Tax & Investment Series
|
| 650 |
|
0 |
|a Taxation
|x Law and legislation
|z Malaysia
|
| 650 |
|
0 |
|a Taxation
|z Malaysia
|
| 999 |
|
|
|a 0000003642
|b BOOK
|c Open Shelf
|e Default branch
|